[Event "AUT-ch U08 Online Blitz"]
[Site "Playchess.com INT"]
[Date "2020.12.11"]
[Round "5"]
[White "Gartner, Tobias"]
[Black "Klug, Daniel"]
[Result "0-1"]
[WhiteElo "1544"]
[BlackElo "1524"]
[PlyCount "90"]
[EventDate "2020.12.11"]
[EventType "swiss (blitz)"]
[EventRounds "7"]
[EventCountry "AUT"]
[SourceTitle "EXT 2022"]
[Source "ChessBase"]
[SourceDate "2021.10.06"]
[SourceVersion "1"]
[SourceVersionDate "2021.10.06"]
[SourceQuality "1"]

1. e4 c5 2. Nc3 Nc6 3. Nf3 Nf6 4. Bb5 Qc7 5. Bxc6 bxc6 6. h3 h6 7. a3 Ba6 8. d3 c4 9. dxc4 Bxc4 10. Qd4 Ba6 11. Qd1 e6 12. Be3 Bd6 13. Qd2 Bb7 14. Rd1 Be7 15. 0-0 g5 16. Qe1 Rg8 17. Qd2 g4 18. hxg4 Nxg4 19. Bf4 Qd8 20. Bg3 h5 21. Bh2 Nxh2 22. Nxh2 d5 23. Nf3 dxe4 24. Qxd8+ Rxd8 25. Nxe4 c5 26. Rd2 Bxe4 27. Rfd1 Rxd2 28. Rxd2 Bxf3 29. Rd3 Rxg2+ 30. Kh1 Rxf2+ 31. Kg1 Rxc2 32. Rxf3 Rxb2 33. Rf2 Rb1+ 34. Rf1 Rxf1+ 35. Kxf1 c4 36. Ke1 h4 37. Kf2 c3 38. Ke3 h3 39. Kd4 h2 40. Kxc3 h1Q 41. Kc4 Bxa3 42. Kb3 Qa1 43. Kc4 Qc1+ 44. Kd3 Bc5 45. Ke4 Qe3# 0-1

[Event "AUT-ch U08 Online Blitz"]
[Site "Playchess.com INT"]
[Date "2020.12.11"]
[Round "2"]
[White "Gartner, Tobias"]
[Black "Schernthaner, Tim"]
[Result "0-1"]
[WhiteElo "1561"]
[BlackElo "1522"]
[PlyCount "120"]
[EventDate "2020.12.11"]
[EventType "swiss (blitz)"]
[EventRounds "7"]
[EventCountry "AUT"]
[SourceTitle "EXT 2022"]
[Source "ChessBase"]
[SourceDate "2021.10.06"]
[SourceVersion "1"]
[SourceVersionDate "2021.10.06"]
[SourceQuality "1"]

1. e4 e5 2. Nf3 Nc6 3. Nc3 Bc5 4. a3 Nf6 5. h3 0-0 6. Bb5 Re8 7. Bxc6 dxc6 8. 0-0 Be6 9. Nxe5 Qd6 10. Nf3 Rad8 11. Re1 Qe7 12. Qe2 h6 13. Qf1 b6 14. d4 Bxd4 15. Nxd4 Rxd4 16. Be3 Rdd8 17. Red1 Rd2 18. Rxd2 c5 19. Rad1 c6 20. Rd8 Rxd8 21. Rxd8+ Qxd8 22. Qd1 Qxd1+ 23. Nxd1 Nxe4 24. f3 Ng5 25. Bxg5 hxg5 26. Ne3 g6 27. Ng4 Bxg4 28. hxg4 Kg7 29. Kf2 f5 30. gxf5 gxf5 31. g3 Kf6 32. f4 gxf4 33. gxf4 Ke6 34. Ke3 Kd5 35. Kd3 c4+ 36. Kc3 Ke4 37. Kd2 Kxf4 38. Ke2 Kg3 39. b3 cxb3 40. cxb3 f4 41. Kf1 f3 42. b4 c5 43. bxc5 bxc5 44. Ke1 f2+ 45. Kf1 c4 46. Ke2 c3 47. Kd1 Kg2 48. Kc2 f1Q 49. Kxc3 Qf3+ 50. Kc4 Qxa3 51. Kb5 Kf3 52. Kc4 Ke4 53. Kb5 Qc3 54. Ka6 Qc4+ 55. Kxa7 Qb3 56. Ka6 Qb4 57. Ka7 Qb5 58. Ka8 Kd5 59. Ka7 Kc6 60. Ka8 Qb7# 0-1